[Event "IND-ch Senior Open 2019"]
[Site "Mazitar"]
[Date "2019.12.12"]
[Round "4.1"]
[White "Deepan Chakkravarthy J."]
[Black "Gupta, Abhijeet"]
[Result "1/2-1/2"]
[WhiteElo "2535"]
[BlackElo "2611"]
[Annotator "TA"]
[PlyCount "100"]
[EventDate "2018.12.08"]
[EventType "swiss"]
[EventCountry "IND"]
[SourceTitle "playchess.com"]
[Source "ChessBase"]
[SourceQuality "1"]

{[%evp 19,100,12,35,31,26,18,39,55,51,9,9,10,11,8,9,6,19,6,13,0,0,0,0,0,30,28,27,27,34,18,31,30,34,34,69,64,69,60,75,64,78,45,47,47,64,54,66,67,76,23,34,25,27,24,49,0,0,0,0,0,0,0,0,0,93,70,66,67,76,68,72,64,71,64,68,32,46,0,0,0,45,0,0]} 1. d4 Nf6 2. c4 g6 3. Nc3 d5 4. cxd5 Nxd5 5. e4 Nxc3 6. bxc3 Bg7 7. Be3 c5 8. Rc1 Qa5 9. Qd2 O-O 10. Nf3 Nd7 {[%cal Bb8d7,Bd7f6,Bf6g4,Bg4e3][%mdl 32]} 11. d5 {D85: Exchange Grünfeld: Unusual White 7th moves and lines with 7 Nf3} (11. Bd3 e5 12. d5 f5 13. Bh6 fxe4 14. Bxe4 Qa4 15. Bc2 Qg4 16. Qg5 Nf6 17. Bxg7 Kxg7 18. Rd1 Qc4 {½-½ (71) Onischuk,A (2647)-Wei,Y (2733) Astana 2019}) 11... Nf6 12. c4 Qa3 13. Bd3 {White is slightly better.} Ng4 14. O-O $146 ({Predecessor:} 14. Bf4 e5 15. Rc3 Qa6 16. Bg5 f6 17. h3 {1-0 (17) Urbanek,S (2241)-Mikuz,S (1945) ICCF email 2009}) 14... Nxe3 15. Qxe3 Bg4 16. Rc2 Bxf3 17. Qxf3 Bd4 18. Rb1 b6 19. Rb3 Qa4 20. g3 Qd7 21. Kg2 e5 22. Qf6 Qc7 23. h4 Rad8 24. h5 {[#] h6 would kill now.} Rd6 25. Qh4 Qd7 26. Rb1 gxh5 27. Qxh5 Rg6 28. Rh1 {[%csl Gh1][%cal Rh5h7] [#]} h6 29. Rh4 Kg7 30. Qf5 Qe7 31. Rh5 Rd8 32. Qh3 Qe8 33. Rf5 Rdd6 34. Be2 (34. Qh5 $16) 34... Qa4 $11 35. Rd2 {Black should prevent Bh5.} Rdf6 36. Bh5 {Black must now prevent Rd3.} Rxf5 $1 37. Qxf5 Rf6 38. Qg4+ Kf8 39. Qh4 Kg7 $1 40. Qg4+ Kf8 41. Qc8+ (41. a3 {with more complications.} Qxc4 42. Qc8+ Kg7 43. Qg4+ Kh7 44. Qh4) 41... Qe8 (41... Kg7 $1 $11) 42. Qxe8+ (42. Qb7 {seems wilder.} Qe7 43. Qa8+ Kg7 44. Qc8 Kh7 45. a4) 42... Kxe8 $16 {[%mdl 4096] Endgame KRB-KRB} 43. a4 a6 44. Rc2 Kd8 45. Bd1 Kc7 46. Ra2 Kb7 47. Bb3 Rg6 48. Kh3 Rf6 $1 49. Kg2 Rg6 50. Kh3 Rf6 {Accuracy: White = 54%, Black = 75%.} 1/2-1/2

[Event "IND-ch Senior Open 2019"]
[Site "Mazitar"]
[Date "2019.12.12"]
[Round "4.2"]
[White "Aravindh, Chithambaram VR."]
[Black "Laxman, R.R."]
[Result "1-0"]
[WhiteElo "2605"]
[BlackElo "2444"]
[Annotator "TA"]
[PlyCount "59"]
[EventDate "2018.12.08"]
[EventType "swiss"]
[EventCountry "IND"]
[SourceTitle "playchess.com"]
[Source "ChessBase"]
[SourceQuality "1"]

{[%evp 13,59,0,0,0,0,0,15,0,0,0,0,0,0,0,0,0,22,0,0,0,109,52,68,79,85,70,159,97,79,77,187,210,189,182,206,210,207,188,207,192,187,186,985,971,974,970,29989,2417]} 1. d4 Nf6 2. c4 e6 3. Nc3 Bb4 4. Qc2 O-O 5. e4 d5 6. e5 Ne4 7. Bd3 c5 $1 {[%cal Rc5d4]} 8. Nf3 {E32: Nimzo-Indian: Classical (4 Qc2): 4...0-0} cxd4 9. Nxd4 Nd7 {[%cal Bb8d7,Bd7c5,Bc5a4][%mdl 32]} 10. Bf4 {The position is equal.} Ndc5 (10... Qh4 11. g3 Qh5 12. O-O g5 13. cxd5 Bxc3 14. bxc3 gxf4 15. dxe6 Nxe5 16. Bxe4 {½-½ (37) Mamedyarov,S (2764)-Caruana,F (2818) Saint Louis 2019}) 11. O-O Bxc3 12. bxc3 Bd7 13. Be2 {[#] f3 is the strong threat.} Na4 14. cxd5 exd5 15. f3 Nexc3 {[#]} 16. Bd3 $146 Qh4 (16... g6 $11) 17. Qd2 (17. g3 $16 Qh5 18. h4) 17... Rac8 18. Kh1 {[%mdl 1024] Threatens to win with Bg5. White has compensation.} Kh8 19. Rae1 b5 (19... Qd8 $14) 20. Bc2 (20. g3 $142 Qe7 21. Bc2) 20... Rc4 $16 21. Bb3 Rcc8 {[#]} (21... h6 $16) 22. Bg5 $1 $18 {[%cal Rg5h4]} Qh5 23. g4 Qg6 24. Bc2 Qb6 25. Qd3 {[%csl Gc2][%cal Rd3h7]} Qg6 26. Qe3 Qb6 27. Qf2 $40 {[%mdl 128] White has strong attack.} Nxa2 $2 (27... Rc4) 28. Bxh7 f6 29. exf6 gxf6 30. Bf4 {Accuracy: White = 65%, Black = 51%.} (30. Qh4 $142 fxg5 31. Qh5 Rf7 32. Bg6+ {[%mdl 64] Discovered Attack} Kg8 33. Bxf7+ Kg7 34. Qxg5+ {[%mdl 64] Double Attack} Kh8 35. Ne6 Qg1+ 36. Kxg1 Bxe6 37. Qh6#) 1-0

[Event "IND-ch Senior Open 2019"]
[Site "Mazitar"]
[Date "2019.12.12"]
[Round "4.3"]
[White "Neelotpal, Das"]
[Black "Lalith Babu M R"]
[Result "1/2-1/2"]
[WhiteElo "2430"]
[BlackElo "2556"]
[Annotator "TA"]
[PlyCount "66"]
[EventDate "2018.12.08"]
[EventType "swiss"]
[EventCountry "IND"]
[SourceTitle "playchess.com"]
[Source "ChessBase"]
[SourceQuality "1"]

{[%evp 9,66,2,11,0,0,16,19,0,0,-19,-31,-40,-37,-31,-21,-50,-46,-59,-50,-51,-61,-45,31,31,46,18,58,50,47,33,82,20,19,12,18,15,36,3,0,0,0,-21,-22,-47,-37,-66,-47,-54,-14,-27,0,-33,0,0,0,0,0,0,0]} 1. d4 Nf6 2. Bf4 d5 3. e3 Bf5 4. c4 e6 5. Nc3 (5. Nf3 Bxb1 6. Rxb1 Bb4+ 7. Ke2 dxc4 8. Qa4+ Nc6 9. Ne5 a5 10. Nxc6 Qd7 11. Rc1 Nd5 12. Rxc4 Nb6 13. Qc2 Nxc4 14. Nxb4 Nxb2 {1-0 (41) Nakamura,H (2769)-Giri,A (2782) Leuven 2018}) 5... Bb4 6. Qb3 {D00: 1 d4 d5: Unusual lines} Nc6 7. Bg5 O-O 8. Nf3 a5 {[%cal Ba7a5,Ba5a4][%mdl 32] [#] Threatens to win with ...a4.} 9. a3 a4 10. Qd1 Bxc3+ 11. bxc3 Na5 12. cxd5 $146 ({Predecessor:} 12. Bxf6 Qxf6 13. Ne5 Rfd8 14. c5 b6 15. c6 Qe7 16. Bb5 f6 17. Nd3 Bxd3 18. Qxd3 Qd6 19. Bxa4 {½-½ (19) Dishman,S (2347)-Twyble,M (2234) Birmingham 2001}) 12... Qxd5 13. Bxf6 $1 gxf6 14. Bd3 Bxd3 15. Qxd3 f5 ({Black should try} 15... Nb3 $15 16. Rb1 Qd6) 16. O-O $14 c5 17. Nd2 c4 18. Qe2 Nb3 19. Rae1 Qa5 20. Nb1 (20. Nxc4 $16 Qc7 21. Ne5) 20... Qd5 $11 21. f3 Rae8 {[%cal Ba8e8,Be8e5,Be5f5][%mdl 32]} 22. e4 Qc6 23. Qf2 Kh8 24. Qh4 e5 25. dxe5 Rxe5 26. exf5 Rxf5 27. Kh1 b5 28. Rd1 Qg6 (28... Nc5 {is interesting.} 29. Nd2 Re8 30. Rb1 Re2 31. Qd4+ f6) 29. Nd2 Nc5 30. Qd4+ Qg7 31. g4 {The position is equal.} Rg5 $1 32. h4 Ne6 $1 {[%cal Re6d4]} 33. Qxg7+ Rxg7 {Accuracy: White = 43%, Black = 57%.} 1/2-1/2

[Event "IND-ch Senior Open 2019"]
[Site "Mazitar"]
[Date "2019.12.12"]
[Round "4.4"]
[White "Nitin, S.."]
[Black "Chanda, Sandipan"]
[Result "0-1"]
[WhiteElo "2329"]
[BlackElo "2545"]
[Annotator "TA"]
[PlyCount "41"]
[EventDate "2018.12.08"]
[EventType "swiss"]
[EventCountry "IND"]
[SourceTitle "playchess.com"]
[Source "ChessBase"]
[SourceQuality "1"]

{[%evp 9,41,12,25,14,39,31,38,45,54,-20,-10,-39,15,0,0,2,15,0,0,0,0,-22,7,-13,-8,-12,-14,-6,-8,-7,-14,-21,-8,-37]} 1. e4 c5 2. Nf3 d6 3. Bb5+ Nd7 4. Ba4 (4. c3 Ngf6 5. Bd3 e6 6. O-O b6 7. Bc2 Bb7 8. Re1 Be7 9. d4 O-O 10. Nbd2 cxd4 11. cxd4 Rc8 12. Nf1 d5 {0-1 (20) Vachier Lagrave,M (2774)-Wei,Y (2721) chess.com INT 2019}) 4... a6 5. c4 e5 6. O-O $146 {B51: Sicilian: Moscow Variation (3 Bb5+) without 3...Bd7} ({Predecessor:} 6. Nc3 Be7 7. O-O Ngf6 8. d3 O-O 9. a3 Ne8 10. b4 b6 11. Nd5 Nef6 12. Nxe7+ Qxe7 {1-0 (39) Dolzhikova,K (2238)-Doluhanova,E (2352) Zhitomir 2017}) 6... g6 7. a3 Bg7 8. b4 {White is slightly better.} Ne7 9. Bb2 (9. bxc5 $14 dxc5 10. d3) 9... Nc6 $11 10. bxc5 dxc5 (10... Nxc5 $15 11. Bxc6+ bxc6) 11. Bxc6 {The position is equal.} bxc6 12. d3 O-O 13. Nbd2 Re8 14. Nb3 Qe7 15. Nfd2 Bh6 16. a4 Qd6 17. Nf3 Nf8 $1 18. Ba3 Ne6 19. d4 exd4 20. e5 Qd8 21. Bxc5 {Accuracy: White = 37%, Black = 42%.} 0-1

[Event "IND-ch Senior Open 2019"]
[Site "Mazitar"]
[Date "2019.12.12"]
[Round "4.5"]
[White "Sengupta, Deep"]
[Black "Akash G"]
[Result "0-1"]
[WhiteElo "2564"]
[BlackElo "2431"]
[Annotator "TA"]
[PlyCount "49"]
[EventDate "2018.12.08"]
[EventType "swiss"]
[EventCountry "IND"]
[SourceTitle "playchess.com"]
[Source "ChessBase"]
[SourceQuality "1"]

{[%evp 9,49,20,25,7,5,0,0,0,0,0,6,4,25,18,11,10,17,17,12,16,8,14,25,18,21,14,12,23,17,5,0,7,25,0,20,0,8,4,7,0,118,120]} 1. e4 c5 2. Nf3 d6 3. Bb5+ Nd7 4. O-O a6 5. Bd3 Ngf6 6. a4 {B51: Sicilian: Moscow Variation (3 Bb5+) without 3...Bd7} b6 7. Na3 Bb7 8. Re1 {The position is equal.} Qc7 9. c3 e6 10. Qe2 Ne5 $146 ({Predecessor:} 10... Be7 11. Bb1 O-O 12. d4 Bc6 {½-½ (20) Svidler,P (2739)-Wojtaszek,R (2724) Moscow 2019}) 11. Nxe5 dxe5 12. Bc2 Be7 13. d3 O-O 14. Rf1 Nd7 15. f4 exf4 16. Bxf4 Bd6 17. Bxd6 Qxd6 18. Nc4 Qc7 19. e5 Bd5 20. Rae1 Rad8 21. Nd2 Rfe8 22. Nf3 Bxf3 23. Rxf3 Nf8 24. Qe4 Qe7 (24... b5 $11) 25. Ref1 {[%mdl 32768] Accuracy: White = 53%, Black = 68%. . Loss on time!?} 0-1

[Event "IND-ch Senior Open 2019"]
[Site "Mazitar"]
[Date "2019.12.12"]
[Round "4.6"]
[White "Himanshu, Sharma"]
[Black "Vaibhav, Suri"]
[Result "1/2-1/2"]
[WhiteElo "2392"]
[BlackElo "2597"]
[Annotator "TA"]
[PlyCount "60"]
[EventDate "2018.12.08"]
[EventType "swiss"]
[EventRounds "11"]
[EventCountry "IND"]
[SourceTitle "playchess.com"]
[Source "ChessBase"]
[SourceQuality "1"]

{[%evp 9,60,28,36,25,29,25,55,22,24,20,29,16,18,18,14,17,18,23,20,0,0,0,0,0,0,0,0,0,0,0,9,0,0,0,0,-29,0,0,0,0,0,0,0,0,0,0,0,0,0,0,0,0,0]} 1. e4 d6 2. Nc3 e5 3. Nge2 c5 4. Nd5 (4. Ng3 Be6 5. Bb5+ Nd7 6. d3 a6 7. Bc4 Ngf6 8. a4 g6 9. f4 exf4 10. Bxf4 Ne5 11. Bxe6 fxe6 {½-½ (34) Saric,I (2680)-Sasikiran,K (2673) Poikovsky 2019}) 4... Be7 5. Nec3 Nf6 6. Bc4 {B23: Closed Sicilian: Lines without g3} O-O 7. O-O Nbd7 $146 ({Predecessor:} 7... Nc6 8. d3 a6 9. Nxe7+ Qxe7 10. Bg5 Be6 11. Nd5 Bxd5 12. Bxd5 {1-0 (58) Rivas Romero,J (1390)-Pons,F (1246) LSS email 2013}) 8. d3 {White is slightly better.} Nxd5 9. Nxd5 Nb6 10. Nxb6 (10. a4 {keeps more tension.} Be6 11. Nxb6 Qxb6 12. b3 Qc7 13. Bd2) 10... axb6 11. f4 exf4 12. Bxf4 Be6 13. Bxe6 fxe6 14. a4 Qd7 15. b3 Bf6 {[#] ...Bd4+ is the strong threat.} 16. Rb1 Bd4+ 17. Kh1 Rf7 {Strongly threatening ...Raf8.} 18. Qe2 Raf8 19. Bg3 d5 20. Rf3 b5 21. axb5 Qxb5 22. Bd6 dxe4 23. Qxe4 {The position is equal.} Rxf3 24. gxf3 Rf6 25. Re1 Qd7 26. Be5 Bxe5 27. Qxe5 Qc6 28. Qe4 Qxe4 29. Rxe4 Rxf3 30. Rxe6 Rf2 {Accuracy: White = 65%, Black = 73%.} 1/2-1/2

[Event "IND-ch Senior Open 2019"]
[Site "Mazitar"]
[Date "2019.12.12"]
[Round "4.7"]
[White "Ghosh, Diptayan"]
[Black "Konguvel, Ponnuswamy"]
[Result "1-0"]
[WhiteElo "2555"]
[BlackElo "2367"]
[Annotator "TA"]
[PlyCount "113"]
[EventDate "2018.12.08"]
[EventType "swiss"]
[EventRounds "11"]
[EventCountry "IND"]
[SourceTitle "playchess.com"]
[Source "ChessBase"]
[SourceQuality "1"]

{[%evp 15,113,30,70,18,23,16,42,13,26,26,24,21,15,14,47,0,0,0,-6,0,0,0,0,0,0,0,0,-7,28,13,61,66,65,66,66,51,76,77,85,76,75,75,76,75,79,77,195,194,201,200,251,239,240,215,240,188,204,122,199,106,132,150,129,81,81,81,81,81,81,81,81,81,81,81,81,60,60,60,60,60,60,60,60,25,1765,1724,1136,301,301,301,1771,1714,1716,1619,1724,1716,1692,1692,6079,5398]} 1. c4 g6 2. Nc3 Bg7 3. d4 Nf6 4. e4 d6 5. Be2 O-O 6. Be3 Na6 7. Nf3 e5 8. O-O Qe7 9. dxe5 {E94: King's Indian: Classical: 6 Be2 e5 7 0-0: Various Black 7th moves} (9. d5 $14) 9... dxe5 $11 10. Nd5 Qd6 (10... Qd8 11. Qc2 Ng4 12. Bg5 f6 13. Bd2 c6 14. Ne3 Qe7 15. c5 Nc7 16. b4 Nxe3 17. Bxe3 {½-½ (104) Shimanov,A (2587)-Chigaev,M (2643) St Petersburg 2019}) 11. Nxf6+ {White is slightly better.} Bxf6 $146 ({Predecessor:} 11... Qxf6 12. a3 c5 13. Qa4 Qe7 14. Rad1 h6 15. g3 Bh3 16. Rfe1 Rfd8 17. Qb5 Qc7 18. Nd2 Bd7 19. Qb3 Bc6 20. Qc2 Qe7 21. Nb1 {½-½ (21) Tuschinske,M (2095)-Visser,D (2246) Hattingen 2005}) 12. Qxd6 cxd6 13. Rfd1 Nc5 14. Nd2 Bd8 15. Nb3 ({White should try} 15. Rac1 $14) 15... Nxe4 16. f3 Nf6 17. Rxd6 Be7 18. Rdd1 Bd7 19. Nc5 Bc6 20. Nd3 Nd7 21. b4 {[%cal Bb2b4,Bb4b5][%mdl 32]} b6 22. a4 a5 23. b5 Bb7 24. c5 $36 {[%mdl 2048] White has the initiative.} bxc5 25. Rac1 {[%cal Rd3c5]} Rac8 26. Nb2 Nb6 27. Nc4 Nxc4 28. Rxc4 Rfd8 29. Rxd8+ Bxd8 30. Rxc5 f6 (30... Rxc5 $16 31. Bxc5 f5) 31. Bc4+ $18 Kf8 32. Bd5 Rb8 33. Bxb7 Rxb7 {[%mdl 4096] Endgame KRB-KRB} 34. Kf2 Ke7 35. Rc6 Rc7 {With the idea ...Rxc6.} 36. Bc5+ Kd7 (36... Kf7 $16 {was called for.}) 37. Rxc7+ (37. Rd6+ $18 Ke8 38. Rc6) 37... Bxc7 {[#] KB-KB} 38. Ke3 $1 Ke6 39. Kd3 {Hoping for Ba7.} Kd5 40. Ba7 {Threatens to win with b6.} Bd8 41. g4 f5 42. Be3 Bc7 43. h3 Bd8 44. Bf2 h5 45. gxh5 gxh5 46. Ba7 Be7 47. Bb6 Bb4 48. Bc7 Be1 49. b6 {[#] And now b7 would win.} Kc6 $2 {[%mdl 8192]} (49... Bg3 $11) 50. Bxe5 Kxb6 51. Kd4 $2 (51. Ke3 Kc5 52. Ke2) 51... Kc6 52. Bf4 Bb4 $2 (52... h4 53. Bh6 Kd6) 53. Ke5 {White is clearly winning.} Kc5 54. Kxf5 Kc4 55. Kg6 Kb3 56. Kxh5 Kxa4 57. Be5 {Accuracy: White = 70%, Black = 50%.} 1-0

[Event "IND-ch Senior Open 2019"]
[Site "Mazitar"]
[Date "2019.12.12"]
[Round "4.8"]
[White "Vishnu Prasanna. V"]
[Black "Girinath, P.D.S."]
[Result "0-1"]
[WhiteElo "2493"]
[BlackElo "2330"]
[Annotator "ChessBase"]
[PlyCount "82"]
[EventDate "2018.12.08"]
[EventType "swiss"]
[EventRounds "11"]
[EventCountry "IND"]
[SourceTitle "playchess.com"]
[Source "ChessBase"]
[SourceQuality "1"]
[TimeControl "40/5400+30:1800+30"]

1. e4 {[%emt 1:29:00]} e6 {[%emt 1:29:10]} 2. d4 {[%emt 0:01:59]} d5 {[%emt 0:01:24]} 3. Nd2 {[%emt 0:00:30]} c5 {[%emt 0:00:00]} 4. c3 {[%emt 0:00:20]} cxd4 {[%emt 0:00:00]} 5. cxd4 {[%emt 0:00:41]} Nc6 {[%emt 0:01:54]} 6. Ngf3 {[%emt 0:00:29]} dxe4 {[%emt 0:00:00]} 7. Nxe4 {[%emt 0:00:30]} Be7 {[%emt 0:00:00]} 8. Bd3 {[%emt 0:00:30]} Nf6 {[%emt 0:00:00]} 9. O-O {[%emt 0:00:30]} O-O {[%emt 0:00:00]} 10. a3 {[%emt 0:00:30]} Bd7 {[%emt 0:00:00]} 11. Qe2 {[%emt 0:00:00]} Qb6 {[%emt 0:00:00]} 12. Rd1 {[%emt 0:00:00]} Rfd8 {[%emt 0:00:00]} 13. Nxf6+ {[%emt 0:00:00]} Bxf6 {[%emt 0:02:14]} 14. Be3 {[%emt 0:02:00]} Ne7 {[%emt 0:00:00]} 15. Ne5 {[%emt 0:00:00]} Be8 {[%emt 0:00:00]} 16. d5 {[%emt 0:00:00]} Qc7 {[%emt 0:03:00]} 17. d6 {[%emt 0:01:31]} Rxd6 {[%emt 0:00:24]} 18. Ng4 {[%emt 0:00:29]} Rd5 {[%emt 0:00:00]} 19. Rac1 {[%emt 0:00:30]} Bc6 {[%emt 0:00:21]} 20. Nxf6+ {[%emt 0:00:00]} gxf6 {[%emt 0:01:33]} 21. Bb1 {[%emt 0:00:36]} Rxd1+ {[%emt 0:00:00]} 22. Qxd1 {[%emt 0:00:54]} Qe5 {[%emt 0:00:57]} 23. Rc4 {[%emt 0:00:00]} Ng6 {[%emt 0:00:31]} 24. Rd4 {[%emt 0:01:00]} Bd5 {[%emt 0:00:32]} 25. h4 {[%emt 0:00:30]} h5 {[%emt 0:00:00]} 26. Qc1 {[%emt 0:00:00]} f5 {[%emt 0:00:59]} 27. Rd1 {[%emt 0:01:00]} Qg7 {[%emt 0:00:00]} 28. Bh6 {[%emt 0:00:00]} Qe5 {[%emt 0:00:41]} 29. Qg5 {[%emt 0:00:00]} Qe2 {[%emt 0:00:00]} 30. Rxd5 {[%emt 0:01:01]} exd5 {[%emt 0:01:19]} 31. Bxf5 {[%emt 0:00:59]} Qe7 {[%emt 0:00:00]} 32. Qxe7 {[%emt 0:00:00]} Nxe7 {[%emt 0:01:00] -error} 33. Bd3 f6 34. Be3 Kg7 35. Be2 Kg6 36. Bd3+ Kf7 37. Be2 Kg6 38. Bd3+ Kg7 39. f3 Nc6 40. g4 Ne5 41. Be2 Nxg4 0-1

[Event "IND-ch Senior Open 2019"]
[Site "Mazitar"]
[Date "2019.12.12"]
[Round "4.9"]
[White "Sriram, Jha"]
[Black "Anurag, Mhamal"]
[Result "0-1"]
[WhiteElo "2384"]
[BlackElo "2490"]
[Annotator "ChessBase"]
[PlyCount "96"]
[EventDate "2018.12.08"]
[EventType "swiss"]
[EventRounds "11"]
[EventCountry "IND"]
[SourceTitle "playchess.com"]
[Source "ChessBase"]
[SourceQuality "1"]
[TimeControl "40/5400+30:1800+30"]

1. Nf3 {[%emt 0:48:59]} Nf6 {[%emt 1:30:28]} 2. g3 {[%emt 0:42:00]} c5 {[%emt 0:00:24]} 3. c4 {[%emt 0:00:30]} Nc6 {[%emt 0:00:35]} 4. Bg2 {[%emt 0:00:30]} e5 {[%emt 0:00:32]} 5. Nc3 {[%emt 0:00:25]} g6 {[%emt 0:00:30]} 6. O-O {[%emt 0:00:35]} Bg7 {[%emt 0:00:30]} 7. e3 {[%emt 0:00:30]} O-O {[%emt 0:00:00]} 8. d4 {[%emt 0:00:30]} d6 {[%emt 0:01:01]} 9. d5 Na5 {[%emt 0:00:00]} 10. Nd2 {[%emt 0:01:00]} Bg4 {[%emt 0:00:00]} 11. f3 {[%emt 0:00:31]} Bd7 {[%emt 0:01:29]} 12. a3 {[%emt 0:00:00]} Rc8 {[%emt 0:00:00]} 13. Qc2 {[%emt 0:00:59]} h5 {[%emt 0:00:00]} 14. Rb1 {[%emt 0:00:30]} Bh6 {[%emt 0:00:00]} 15. Qd3 {[%emt 0:00:30]} b5 {[%emt 0:00:00]} 16. b3 {[%emt 0:00:31]} a6 {[%emt 0:00:00]} 17. Bb2 {[%emt 0:00:29]} Bf5 {[%emt 0:00:00]} 18. e4 {[%emt 0:00:31]} Bd7 19. f4 {[%emt 0:00:29]} h4 {[%emt 0:00:00]} 20. Nd1 {[%emt 0:00:30]} hxg3 {[%emt 0:04:31]} 21. hxg3 {[%emt 0:00:31]} Nh5 {[%emt 0:00:00]} 22. fxe5 {[%emt 0:00:30]} Qg5 {[%emt 0:00:59]} 23. Bc3 {[%emt 0:00:30]} Nb7 {[%emt 0:00:00]} 24. exd6 {[%emt 0:00:30]} Nxd6 25. Kh2 {[%emt 0:00:29]} Rb8 {[%emt 0:00:00]} 26. Rf2 {[%emt 0:00:30]} bxc4 {[%emt 0:02:00]} 27. bxc4 Rxb1 28. Nxb1 {[%emt 0:00:59]} f5 {[%emt 0:01:00]} 29. Nd2 {[%emt 0:00:31]} f4 30. gxf4 {[%emt 0:00:27]} Qh4+ {[%emt 0:01:01]} 31. Kg1 {[%emt 0:00:34]} Nxf4 {[%emt 0:00:29]} 32. Qf1 {[%emt 0:00:29]} Bh3 {[%emt 0:00:30]} 33. Nf3 {[%emt 0:00:28]} Qg3 {[%emt 0:00:31]} 34. Be5 {[%emt 0:00:32]} Nxe4 {[%emt 0:00:22]} 35. Rb2 {[%emt 0:00:26]} Bxg2 {[%emt 0:00:37]} 36. Rxg2 {[%emt 0:00:33]} Nh3+ {[%emt 0:00:30]} 37. Kh1 {[%emt 0:00:31]} Rxf3 {[%emt 0:00:30]} 38. Qe2 {[%emt 0:00:31]} Nef2+ {[%emt 0:00:30]} 39. Nxf2 {[%emt 0:00:30]} Nxf2+ {[%emt 0:00:31]} 40. Kg1 {[%emt 0:00:30]} Nh3+ {[%emt 0:00:30]} 41. Kh1 {[%emt 0:30:30]} Qh4 {[%emt 0:00:00]} 42. Bh2 {[%emt 0:00:29]} Re3 {[%emt 0:31:00]} 43. Rxg6+ {[%emt 0:00:30]} Kf7 {[%emt 0:00:30]} 44. Qc2 {[%emt 0:00:30]} Nf2+ {[%emt 0:00:26]} 45. Kg1 {[%emt 0:00:31]} Re1+ 46. Kg2 {[%emt 0:00:30]} Qh3+ {[%emt 0:01:04]} 47. Kxf2 {[%emt 0:00:30]} Rf1+ 48. Ke2 {[%emt 0:00:30]} Qf3# 0-1

[Event "IND-ch Senior Open 2019"]
[Site "Mazitar"]
[Date "2019.12.12"]
[Round "4.10"]
[White "Vignesh N R"]
[Black "Senthil Maran K"]
[Result "1/2-1/2"]
[WhiteElo "2475"]
[BlackElo "2305"]
[Annotator "ChessBase"]
[PlyCount "76"]
[EventDate "2018.12.08"]
[EventType "swiss"]
[EventRounds "11"]
[EventCountry "IND"]
[SourceTitle "playchess.com"]
[Source "ChessBase"]
[SourceQuality "1"]
[TimeControl "40/5400+30:1800+30"]

1. e4 {[%emt 1:28:05]} c6 {[%emt 1:25:51]} 2. d4 {[%emt 0:00:00]} d5 {[%emt 0:05:08]} 3. exd5 {[%emt 0:03:24]} cxd5 {[%emt 0:00:31]} 4. c4 {[%emt 0:00:30]} Nf6 {[%emt 0:00:00]} 5. Nc3 {[%emt 0:00:30]} g6 {[%emt 0:00:59]} 6. Nf3 {[%emt 0:00:00]} Bg7 {[%emt 0:00:30]} 7. h3 {[%emt 0:01:01]} O-O {[%emt 0:00:30]} 8. Be2 {[%emt 0:00:00]} Nc6 {[%emt 0:00:30]} 9. O-O {[%emt 0:00:00]} dxc4 {[%emt 0:00:30]} 10. Bxc4 {[%emt 0:00:00]} Na5 {[%emt 0:00:30]} 11. Bd3 {[%emt 0:01:59]} Be6 {[%emt 0:00:30]} 12. Bg5 {[%emt 0:00:00]} Rc8 {[%emt 0:00:28]} 13. Re1 {[%emt 0:01:00]} Nc6 14. Bc2 {[%emt 0:00:00]} Bd5 {[%emt 0:01:03]} 15. Nxd5 {[%emt 0:00:00]} Nxd5 {[%emt 0:00:30]} 16. Bb3 {[%emt 0:00:15]} h6 {[%emt 0:00:00]} 17. Bd2 {[%emt 0:00:00]} e6 {[%emt 0:00:57]} 18. Rc1 {[%emt 0:02:14]} Qd6 {[%emt 0:00:32]} 19. Qe2 {[%emt 0:00:00]} Nde7 {[%emt 0:00:30]} 20. Rcd1 {[%emt 0:00:00]} Rfd8 {[%emt 0:00:29]} 21. Bc1 {[%emt 0:01:30]} Kh7 {[%emt 0:00:32]} 22. Qe4 {[%emt 0:00:30]} Qb4 {[%emt 0:00:30]} 23. Bd2 Qb6 {[%emt 0:00:30]} 24. Be3 {[%emt 0:01:00]} Nd5 {[%emt 0:00:29]} 25. Bg5 {[%emt 0:00:25]} Rd7 {[%emt 0:00:31]} 26. Qh4 {[%emt 0:00:35]} Nde7 {[%emt 0:00:28]} 27. Bxe7 {[%emt 0:00:32]} Nxe7 {[%emt 0:00:30]} 28. Ng5+ {[%emt 0:00:28]} Kg8 {[%emt 0:00:32]} 29. Nxe6 {[%emt 0:00:29]} Nf5 {[%emt 0:00:30]} 30. Qg4 {[%emt 0:00:33]} Re8 {[%emt 0:00:28]} 31. Ba4 {[%emt 0:00:30]} h5 {[%emt 0:00:29]} 32. Qf4 {[%emt 0:00:30]} Bh6 {[%emt 0:00:30]} 33. Qf3 {[%emt 0:00:30]} Nxd4 {[%emt 0:00:31]} 34. Qd3 {[%emt 0:00:30]} Nf3+ {[%emt 0:00:32]} 35. Qxf3 {[%emt 0:00:30]} Rxd1 {[%emt 0:00:30]} 36. Bxd1 {[%emt 0:00:30]} Rxe6 {[%emt 0:00:30]} 37. Rxe6 {[%emt 0:00:30]} Qxe6 {[%emt 0:00:30]} 38. Bb3 {[%emt 0:00:30]} Qe7 {[%emt 0:00:29]} 1/2-1/2